Ekonomické a mimoekonomické aspekty flexibilizácie práce v podmienkach Slovenskej republiky

Flexibilné formy zamestnávania. Schéma vzťahu štandardných a flexibilných foriem zamestnávania. Prehľad o celkovom počte zamestnaných osôb v rokoch 2003 – 2012 (V4). Prehľad zamestnaných na kratší pracovný čas, na dobu určitú. Zamestnanci na plný a kratší pracovný čas v SR za obdobie 2009 – 2013.

Guardado en:
Detalles Bibliográficos
Autor principal: Szabová Fedorková, Vlasta
Formato: Capítulo de libro
Lenguaje:eslovaco
Materias:
Etiquetas: Agregar Etiqueta
Sin Etiquetas, Sea el primero en etiquetar este registro!

MARC

LEADER 00000nla a2200000 4500
001 0192665
005 20240417075049.3
041 0 |a slo 
044 |a SK 
245 1 0 |a Ekonomické a mimoekonomické aspekty flexibilizácie práce v podmienkach Slovenskej republiky  |c Vlasta Szabová Fedorková 
520 |a Flexibilné formy zamestnávania. Schéma vzťahu štandardných a flexibilných foriem zamestnávania. Prehľad o celkovom počte zamestnaných osôb v rokoch 2003 – 2012 (V4). Prehľad zamestnaných na kratší pracovný čas, na dobu určitú. Zamestnanci na plný a kratší pracovný čas v SR za obdobie 2009 – 2013. 
610 2 0 |a trh práce 
610 2 0 |a pružnosť 
610 2 0 |a práca 
610 2 0 |a flexibilita 
610 2 0 |a úväzok pracovný 
610 2 0 |a Vyšehradská štvorka 
610 2 0 |a Slovensko 
100 1 |a Szabová Fedorková, Vlasta